Länder, die den meisten Tee produzieren - Statistiken

Allgemein
  • Dieses Quiz wurde 163 mal gespielt
  • Das Durchschnittsergebnis liegt bei 11 aus 20
Antwortstatistiken
1000 Tonnen Land % Korrekt
2402 China
97%
1252 Indien
96%
144 Indonesien
86%
80 Japan
84%
53 Thailand
83%
240 Vietnam
83%
349 Sri Lanka
69%
65 Bangladesch
62%
243 Türkei
61%
75 Iran
60%
102 Birma
59%
90 Argentinien
39%
473 Kenia
39%
37 Tansania
30%
63 Uganda
29%
33 Mosambik
23%
26 Ruanda
22%
53 Burundi
18%
48 Malawi
17%
25 Simbabwe
13%
Keine übereinstimmenden Quizze gefunden
Verteilung der Resultate
Anzahl Personen mit jedem Resultat
Perzentil nach korrekt beantworteten Fragen
Ihre Resultats-Entwicklung
Sie haben dieses Quiz noch nicht gespielt